| 000 | 00835cam a22002651 4500 | ||
|---|---|---|---|
| 999 |
_c7947 _d7947 |
||
| 001 | 7947 | ||
| 003 | BD-JhCC | ||
| 005 | 20180417123440.0 | ||
| 008 | 740806s1956 xx 000 0 eng | ||
| 035 | _a(BD-JhCC) 7947 | ||
| 035 | _a(OCoLC)972929 | ||
| 040 |
_aDLC _cMeB _dDLC |
||
| 041 | _aeng | ||
| 050 | 0 | 0 |
_aJN322 _b.A65 1947 |
| 082 |
_a342.82 _bAME 1956 |
||
| 100 | 1 |
_aAmery, L. S. _q(Leopold Stennett), _d1873-1955. |
|
| 245 | 1 | 0 |
_aThoughts on the Constitution / _cL. S. Amery, |
| 260 |
_aLondon, New York, _bOxford University Press, _c1947. |
||
| 300 |
_axi, 195 p. _c19 cm. |
||
| 500 | _a"Four Chichele lectures ... reprinted substantially as they were delivered [at All Souls College, Oxford]" | ||
| 504 | _aBibliography: p. [159] | ||
| 650 | 0 |
_aConstitutional law _zGreat Britain. |
|
| 942 |
_2ddc _cBK |
||